| 000 | 00811cam a22002415a 4500 | ||
|---|---|---|---|
| 001 | 15289996 | ||
| 005 | 20201128024332.0 | ||
| 008 | 080506s2008 enka frb 001 0 eng d | ||
| 020 | _a9780132051583 | ||
| 040 |
_aDLC _cDLC _dDLC _dEG-ScBUE _beng |
||
| 082 | 0 | 4 |
_a301 _222 _bMAC |
| 100 | 1 | _aMacionis, John J. | |
| 245 | 1 | 0 |
_aSociology : _ba global introduction / _cJohn J. Macionis, Ken Plummer. |
| 250 | _a4th ed. | ||
| 260 |
_aHarlow ; _aNew York : _bPearson Prentice Hall, _c2008. |
||
| 300 |
_axl, 953 p. : _bill. ; _c26 cm. |
||
| 504 | _aIncludes bibliographical references and indexes. | ||
| 650 | 7 |
_aSociology. _2BUEsh _9718 |
|
| 653 |
_bGGEN _bHHUUPPSS _cMay2018 |
||
| 700 | 1 | _aPlummer, Kenneth. | |
| 856 | 4 | 1 |
_3Table of contents only _uhttp://www.loc.gov/catdir/toc/ecip0818/2008020330.html |
| 942 | _2ddc | ||
| 999 |
_c26623 _d26595 |
||